01432nam2a22002291 4500001001100000005001700011021001900028035002600047100004100073101000800114102000700122105001800129200025500147210001800402215002700420461062300447702003601070702003401106801001801140801002201158852002201180rc\479211520250612215416.0 aRUb[63-83161] a(NLR Aleph) 008866912 a20130426d1963 |||y0rusy50 ca0 arus aRU aa z |||||0 aВып. 4f[Сост. инженеры Л.А. Никушкин и А.А. Галькевич]gМ-во мор. флота СССР. Отд. отраслевой науч. и техн.-экон. информации Союзморниипроекта d1963aБ. м. a106 с.cил.d20х30 01001rc\479211212001#$aСредства механизации судоремонтных работ$eКаталог-справочник$eВып. 2-$fСССР. М-во мор. флота. Техн. упр. Центр. проектно-конструкторское бюро № 2 (ЦПКБ-2)$vВып. 4cМоскваd1960fСССР. М-во мор. флота. Техн. упр. Центр. проектно-конструкторское бюро № 2 (ЦПКБ-2)nБ. и.oКаталог-справочник : Вып. 2-tСредства механизации судоремонтных работvВып. 4 1aГалькевичbА.А.4220 1aНикушкинbЛ.А.4220 0aRUbNLRgpsbo 1aRUbELAR2rusmarc aNLRjПт 90.1/86